00846nam a2200229Ia 4500003000900000008004100009020001800050040001600068080001700084100002500101245012900126260004800255300001500303490003800318650004100356650003000397650002000427700002500447942000700472999001500479952012200494IN-BaIIA211028s9999 xx 000 0 eng d a0-521-32032-1 cIIA Library a524.527bFLO aFlower, David916940 0aMolecular collisions in the interstellar mediumcDavid Flower and J M Mariotti  aCambridgebCambridge University Pressc1990 axii, 133p. aCambridge astrophysics series; 17 aAstronomy and astrophysics thesaurus aInterstellar matter91189 aMolecules94897 aMariotti, J M916941 cBK c9978d9978 00104070aBANbBANcGENd0000-00-00g1150.00l0o524.527/ FLOp10888r2021-11-05v1150.00w0000-00-00yBKGRs. 1150